[Event "Let's Play Chess!"]
[Site "http://www.queenalice.com/game.php?id=437593"]
[Date "2008.7.23"]
[Round "-"]
[White "CampbellMarcel"]
[Black "vivafloresta"]
[Result "1-0"]
[WhiteElo "1728"]
[BlackElo "1186"]

1. e4 e5 2. Nf3 Nc6 3. Bb5 Nf6 4. Bxc6 bxc6 5. O-O Bb7 6. d3 d5 7. Nxe5 h6 8.
exd5 cxd5 9. Re1 Bd6 10. Nc6+ Kf8 11. Nxd8 Rxd8 12. Be3 Be5 13. d4 Bd6 14. Nc3
Bc8 15. h3 c6 16. Na4 Ne4 17. f3 Ng3 18. Nc5 Bxc5 19. dxc5 d4 20. Bxd4 Nf5 21.
c3 Ne3 22. Rxe3 f6 23. Qe2 Kf7 24. Re7+ Kg8 25. Rxa7 Bd7 26. Re1 Re8 27. Qxe8+
Bxe8 28. Rxe8+ Kh7 29. Rxh8+ Kxh8 30. Rc7 Kg8 31. Rxc6 Kf7 32. Rc7+ Kg6 33. a4
h5 34. g4 hxg4 35. hxg4 f5 36. gxf5+ Kxf5 37. Rxg7 Kf4 38. c6 Kxf3 39. c7 Ke2
40. c8=Q Ke1 41. Qe6+ Kd2 42. Rg2+ Kd3 43. Qe2# 1-0

[Event "GAME 2008"]
[Site "http://www.queenalice.com/game.php?id=437652"]
[Date "2008.7.23"]
[Round "-"]
[White "vivafloresta"]
[Black "lafasouza"]
[Result "0-1"]
[WhiteElo "1186"]
[BlackElo "1667"]

1. e4 e5 2. Nf3 Qe7 3. b3 g6 4. Bb2 f6 5. Nc3 Nc6 6. Nd5 Qd8 7. Bc4 g5 8. Ne3 g4
9. Nh4 d6 10. Nxg4 f5 11. exf5 Qxh4 12. Bxg8 Rxg8 13. Ne3 Ne7 14. Qe2 Bxf5 15.
Qb5+ c6 16. Qxb7 Rc8 17. Qxa7 Rg7 18. O-O-O Nd5 19. Nxf5 Rxa7 20. Nxh4 Rca8 21.
c4 Nb4 22. Nf3 Nd3+ 23. Kb1 Nxf2 24. a4 Nxh1 25. Rxh1 Rb7 26. Ng5 h6 27. Nh7
Rxb3 28. Rf1 Be7 29. g3 Rab8 30. c5 Rxb2+ 31. Ka1 R2b4 32. Nf6+ Bxf6 33. Rb1
Rxa4# 0-1

[Event "AUTO-OPEN-1206"]
[Site "http://www.queenalice.com/game.php?id=438103"]
[Date "2008.7.24"]
[Round "1"]
[White "holandes"]
[Black "vivafloresta"]
[Result "1-0"]
[WhiteElo "2005"]
[BlackElo "1186"]

1. e4 b6 2. d4 Bb7 3. Nc3 Nf6 4. Bd3 g6 5. Nf3 Bg7 6. h3 a6 7. O-O d5 8. e5 Nh5
9. Be3 Nc6 10. Ng5 O-O 11. g4 Bh6 12. gxh5 f6 13. Ne6 Qd7 14. Bxh6 Rf7 15. Nf4
fxe5 16. dxe5 Nxe5 17. hxg6 hxg6 18. Nxg6 Nxg6 19. Bxg6 Rf6 20. Qh5 e5 21. Bg5
Rxg6 22. Qxg6+ Qg7 23. Qe6+ Kh8 24. h4 Bc8 25. Qxd5 Ra7 26. Qd8+ Kh7 27. Qxc8 c5
28. Qf5+ Kg8 29. Rad1 Rf7 30. Rd8+ Rf8 31. Qe6+ Kh8 32. Rfd1 Rxd8 33. Rxd8+ Kh7
34. Ne4 Qxg5+ 35. Nxg5+ Kg7 36. Rg8# 1-0

[Event "AUTO-OPEN-1206"]
[Site "http://www.queenalice.com/game.php?id=438104"]
[Date "2008.7.24"]
[Round "1"]
[White "vivafloresta"]
[Black "holandes"]
[Result "1-0"]
[WhiteElo "1186"]
[BlackElo "1994"]

1. e4 e5 2. b3 a6 3. Bb2 Nc6 4. Nf3 d6 5. Nc3 Nf6 6. h3 Be7 7. Na4 O-O 8. Be2
Nxe4 9. Nc3 Bf5 10. O-O Nd4 11. Nxe4 Bxe4 12. Nxd4 exd4 13. Bxd4 f6 14. Bf3 Bc6
15. Bxc6 bxc6 16. a4 c5 17. Bc3 c6 18. b4 d5 19. bxc5 Bxc5 20. d4 Bb6 21. a5 Ba7
22. Re1 c5 23. Qg4 Rc8 24. Bd2 cxd4 25. Bh6 Qc7 26. Re6 Kh8 27. Rc6 Qb7 28. Rb1
Qxb1+ 29. Kh2 Bb8+ 30. g3 Rc7 31. Rxc7 1-0

[Event "AUTO-OPEN-1206"]
[Site "http://www.queenalice.com/game.php?id=438125"]
[Date "2008.7.24"]
[Round "1"]
[White "Markus1234567"]
[Black "vivafloresta"]
[Result "1-0"]
[WhiteElo "2000"]
[BlackElo "1257"]

1. d4 Nc6 2. d5 Na5 3. b4 Nc4 4. e4 Ne5 5. f4 Ng6 6. f5 Ne5 7. Bf4 d6 8. Nf3
Nxf3+ 9. Qxf3 g6 10. Bd3 Bg7 11. c3 Bd7 12. a4 gxf5 13. exf5 Nf6 14. O-O e6 15.
fxe6 fxe6 16. Re1 e5 17. Bg5 Rf8 18. Bxf6 Rxf6 19. Qg3 Qe7 20. Bxh7 O-O-O 21.
Bc2 Rdf8 22. Na3 a6 23. Nc4 Rf2 24. Qxf2 Rxf2 25. Kxf2 e4 26. Re3 Qf7+ 27. Ke1
Bg4 28. Bxe4 c6 29. Nxd6+ Kc7 30. Nxf7 cxd5 31. Bxd5 b6 32. Re7+ Bd7 33. Rc1 b5
34. Be6 bxa4 35. Rxd7+ Kc6 36. Ne5+ Bxe5 37. c4 Bxh2 38. c5 Bg3+ 39. Ke2 a3 40.
Rc3 a2 41. Bxa2 Kxd7 42. Rxg3 Kc6 43. Kd3 a5 44. bxa5 Kxc5 45. Kc3 Kb5 46. Rg5+
Ka6 47. Kb4 Kb7 48. Rg6 Ka7 49. Kb5 Kb7 50. Rg7+ Kb8 51. Kc6 Kc8 52. Rg8# 1-0

[Event "AUTO-OPEN-1206"]
[Site "http://www.queenalice.com/game.php?id=438126"]
[Date "2008.7.24"]
[Round "1"]
[White "vivafloresta"]
[Black "Markus1234567"]
[Result "0-1"]
[WhiteElo "1208"]
[BlackElo "2022"]

1. e4 e5 2. Nf3 Nc6 3. b3 Nf6 4. Bb2 d6 5. Bb5 Bd7 6. Nc3 a6 7. Bxc6 Bxc6 8. O-O
Nxe4 9. Nxe4 Bxe4 10. Ne1 Qg5 11. d3 Bc6 12. Bc1 Qg6 13. f3 Bd7 14. Be3 f5 15.
a4 f4 16. Bd2 Be7 17. Qc1 Bh4 18. d4 Bh3 19. dxe5 Bxe1 20. g4 Bxd2 21. Qxd2 dxe5
22. Rfd1 O-O 23. Qd5+ Kh8 24. Qxe5 Qxc2 25. Rd7 Qg2# 0-1

[Event "AUTO-OPEN-1206"]
[Site "http://www.queenalice.com/game.php?id=438139"]
[Date "2008.7.24"]
[Round "1"]
[White "vivafloresta"]
[Black "Francisco"]
[Result "0-1"]
[WhiteElo "1186"]
[BlackElo "2251"]

1. e4 c6 2. Nc3 d5 3. d3 d4 4. Na4 b5 5. Nc5 e5 6. Nb3 c5 7. Nf3 Nc6 8. Bd2 Nf6
9. a3 c4 10. Be2 cxb3 11. cxb3 b4 12. axb4 Bxb4 13. Bxb4 Nxb4 14. Nxe5 Qc7 15.
Nc4 O-O 16. Rc1 Qb7 17. Bf3 Be6 18. e5 Nfd5 19. O-O Rfc8 20. Nd6 Rxc1 21. Qe2
Rxf1+ 22. Qxf1 Qa6 23. h3 Nxd3 24. Be4 N3b4 0-1

[Event "AUTO-OPEN-1206"]
[Site "http://www.queenalice.com/game.php?id=438140"]
[Date "2008.7.24"]
[Round "1"]
[White "Francisco"]
[Black "vivafloresta"]
[Result "1-0"]
[WhiteElo "2252"]
[BlackElo "1186"]

1. d4 g6 2. Nf3 b6 3. Bf4 d6 4. e4 Bb7 5. Nbd2 Nf6 6. d5 Bg7 7. c4 Nbd7 8. Rb1
e5 9. Bg5 O-O 10. b4 Rb8 11. Nb3 c6 12. Be2 b5 13. cxb5 c5 14. bxc5 dxc5 15. O-O
Nxe4 16. Bxd8 Rbxd8 17. Rc1 Bxd5 18. Qxd5 Ndf6 19. Qxe5 Rde8 20. Qf4 Nh5 21. Qc7
Rc8 22. Qxa7 Nf4 23. Bc4 Nd6 24. Nxc5 Bh6 25. Rfd1 1-0

[Event "AUTO-BEG-236"]
[Site "http://www.queenalice.com/game.php?id=439773"]
[Date "2008.7.27"]
[Round "1"]
[White "vivafloresta"]
[Black "tomas_lp_96"]
[Result "1-0"]
[WhiteElo "1184"]
[BlackElo "1393"]

1. e4 e6 2. Nf3 Bc5 3. Be2 Qf6 4. Nc3 Ne7 5. b3 Ng6 6. Bb2 Nh4 7. Nd5 exd5 8.
Bxf6 gxf6 9. Nxh4 Rg8 10. Nf5 d6 11. Nh6 Rg6 12. Nf5 Kd8 13. Bh5 Rg8 14. Bxf7
Rf8 15. Bxd5 c6 16. Bc4 Re8 17. Qh5 d5 18. Ng7 Rg8 19. Qxh7 Re8 20. Nxe8 Kxe8
21. exd5 cxd5 22. Qg8+ Kd7 23. Qxd5+ Kc7 24. Qxc5+ Nc6 25. O-O b6 26. Qf8 Bb7
27. Qf7+ Kc8 28. Rfe1 Na5 29. Re8# 1-0

[Event "AUTO-BEG-236"]
[Site "http://www.queenalice.com/game.php?id=439800"]
[Date "2008.7.27"]
[Round "1"]
[White "vivafloresta"]
[Black "Iarinha"]
[Result "1/2-1/2"]
[WhiteElo "1238"]
[BlackElo "1397"]

1. e4 e5 2. b3 Nf6 3. Bb2 Nc6 4. Nf3 Nxe4 5. Bxe5 Qe7 6. Bxc7 Nc3+ 7. Qe2 Nxe2
8. Bxe2 b6 9. Nc3 d6 10. Bxd6 Qxd6 11. Nb5 Qd8 12. O-O Ba6 13. Nbd4 Nxd4 14.
Bxa6 Nxf3+ 15. Kh1 Bd6 16. Bb7 Bb8 17. Bxf3 Qc7 18. Rae1+ Kf8 19. g3 g6 20. Bxa8
Qxc2 21. Be4 Qxd2 22. a4 Kg7 23. Rd1 Qe2 24. Bd3 Qf3+ 25. Kg1 Rd8 26. Be4 Qf6
27. Rxd8 Qxd8 28. h4 h5 29. Bc2 f5 30. Rd1 Qc7 31. Rc1 f4 32. gxf4 Qxf4 33. Re1
Qh2+ 34. Kf1 Qf4 35. Re4 Qd2 36. Re7+ Kf6 37. Re2 Qc1+ 38. Kg2 Qf4 39. f3 Qg3+
40. Kf1 Qxf3+ 41. Rf2 Qxf2+ 42. Kxf2 g5 43. hxg5+ Kxg5 44. Kg2 Kg4 45. Bd1+ Kg5
46. Kh3 h4 47. Bg4 Bg3 48. b4 a6 49. a5 bxa5 50. bxa5 Be1 51. Bc8 Kf4 52. Bxa6
Bxa5 53. Kxh4 Be1+ 1/2-1/2

[Event "AUTO-BEG-236"]
[Site "http://www.queenalice.com/game.php?id=439801"]
[Date "2008.7.27"]
[Round "1"]
[White "Iarinha"]
[Black "vivafloresta"]
[Result "0-1"]
[WhiteElo "1387"]
[BlackElo "1206"]

1. e4 b6 2. Nc3 Nf6 3. Nf3 Nc6 4. Bc4 Bb7 5. Ng5 Ne5 6. Bb3 e6 7. d3 Nfg4 8. O-O
h6 9. Nh3 Bd6 10. Nf4 Qh4 11. h3 Bc5 12. g3 Qf6 13. hxg4 g6 14. Nb5 O-O 15. d4
Bxd4 16. Qxd4 Nf3+ 17. Kg2 Nxd4 18. Nxc7 Rac8 19. c3 Nxb3 20. axb3 Rxc7 21. Rxa7
Bxe4+ 22. f3 Bd3 23. Rxc7 Bxf1+ 24. Kxf1 g5 25. Nd3 Qxf3+ 26. Nf2 Qxg3 27. Rxd7
f5 28. gxf5 Rxf5 29. Rd2 h5 30. Ke1 h4 31. Re2 h3 32. b4 Rd5 33. Re3 Qg1+ 34.
Ke2 Qxc1 35. Rxh3 Qd2+ 36. Kf3 Qxb2 37. Ke4 Qxf2 38. c4 Qf4# 0-1

[Event "AUTO-INT-1072"]
[Site "http://www.queenalice.com/game.php?id=478249"]
[Date "2008.10.16"]
[Round "1"]
[White "vivafloresta"]
[Black "PedroBritto"]
[Result "1-0"]
[WhiteElo "1242"]
[BlackElo "1454"]

1. e4 e5 2. b3 Nf6 3. Nc3 d5 4. exd5 Nxd5 5. Bb2 Nc6 6. Nxd5 Qxd5 7. Nf3 Qe4+ 8.
Be2 Nb4 9. O-O Nxc2 10. Rc1 Nb4 11. Rxc7 Bd6 12. Rc4 Qd5 13. a3 b5 14. Rc3 O-O
15. axb4 Bxb4 16. Rd3 Qe6 17. Nxe5 f6 18. Rf3 fxe5 19. Rxf8+ Kxf8 20. Bxb5 a6
21. Qf3+ Ke7 22. Qxa8 axb5 23. Qe4 Bxd2 24. Qxh7 Qf6 25. Qh8 Bb7 26. Rd1 Qg6 27.
g3 Qc6 28. Qxg7+ Kd6 29. Rxd2+ Kc5 30. Qxe5+ Kb6 31. Bd4+ Ka5 32. Ra2+ Kb4 33.
Bc3+ Kxb3 34. Rb2+ Kc4 35. Rb4+ Kd3 36. Qe3+ Kc2 37. Qd2# 1-0

[Event "AUTO-INT-1072"]
[Site "http://www.queenalice.com/game.php?id=478250"]
[Date "2008.10.16"]
[Round "1"]
[White "PedroBritto"]
[Black "vivafloresta"]
[Result "1-0"]
[WhiteElo "1444"]
[BlackElo "1266"]

1. e4 b6 2. d4 Nf6 3. e5 Nd5 4. Nc3 Nxc3 5. bxc3 Bb7 6. Nf3 d6 7. exd6 cxd6 8.
Ng5 h6 9. Nf3 Nd7 10. Bd3 Bxf3 11. Qxf3 e6 12. Bb5 Be7 13. Be2 e5 14. d5 Nc5 15.
O-O Na4 16. Bb5+ Kf8 17. Bxa4 a6 18. Qg3 b5 19. Bb3 a5 20. a4 bxa4 21. Rxa4 Bf6
22. c4 Rb8 23. Bd2 Qd7 24. Rxa5 Ke7 25. Re1 Ra8 26. c5 Rxa5 27. Bxa5 dxc5 28.
Rd1 Qa7 29. d6+ Kd7 30. Qg4+ Ke8 31. Qc8+ Bd8 32. d7+ Ke7 33. Bc3 Kf6 34. Rd6+
Kf5 35. Ra6 Qc7 36. h3 e4 37. g4+ Kg5 38. f4+ Qxf4 39. Qxc5+ Kh4 40. Be1+ Kxh3
41. Qh5+ Bh4 42. Qxh4# 1-0

[Event "AUTO-INT-1072"]
[Site "http://www.queenalice.com/game.php?id=478251"]
[Date "2008.10.16"]
[Round "1"]
[White "vivafloresta"]
[Black "Aleksander"]
[Result "0-1"]
[WhiteElo "1313"]
[BlackElo "2157"]

1. g3 e5 2. Bg2 d5 3. e3 Nf6 4. Nc3 Be7 5. Nge2 O-O 6. Nxd5 Nxd5 7. d4 exd4 8.
Qxd4 Nb4 9. Qe4 c6 10. O-O Nd7 11. Rd1 Re8 12. a3 Na6 13. Bf1 Bf6 14. Qf4 Be5
15. Qe4 Bxb2 16. Qa4 Bxa1 17. Nd4 Bxd4 18. Qxd4 Qe7 19. Bb2 Ne5 20. Bd3 Nf3+ 21.
Kf1 Nxd4 22. Bxd4 Bh3+ 23. Ke1 Rad8 24. Bxa7 Qxa3 25. Bb6 Qc3+ 26. Ke2 Rxd3 27.
Rxd3 Qxc2+ 28. Rd2 Bg4+ 29. f3 Bxf3+ 30. Kxf3 Qxd2 31. h4 Re6 32. Bd4 c5 33.
Bxg7 Kxg7 34. g4 Rxe3+ 35. Kf4 Qd4+ 36. Kg5 Qe5# 0-1

[Event "AUTO-INT-1072"]
[Site "http://www.queenalice.com/game.php?id=478253"]
[Date "2008.10.16"]
[Round "1"]
[White "vivafloresta"]
[Black "MusicMan"]
[Result "1-0"]
[WhiteElo "1255"]
[BlackElo "1616"]

1. e4 d5 2. Bd3 dxe4 3. Bxe4 Nf6 4. Nc3 Bg4 5. f3 Bh5 6. Bxb7 Na6 7. Bxa8 Qxa8
8. d3 c6 9. Ne4 Nc7 10. Nxf6+ exf6 11. Nh3 Nd5 12. O-O Bc5+ 13. Kh1 Be3 14. Bxe3
Nxe3 15. Re1 O-O 16. Rxe3 Bg6 17. Nf4 Bf5 18. a4 g5 19. Nh5 Qd8 20. b4 Kh8 21.
b5 c5 22. a5 Qd4 23. Re1 Rg8 24. b6 a6 25. b7 Rb8 26. Rb1 Qd8 27. Qe2 Bd7 28. c3
Bc6 29. d4 Ba4 30. Qc4 Qd6 31. Qxf7 Qf8 32. Qe6 Bc2 33. Rb6 Bg6 34. Nxf6 Qg7 35.
Nd7 1-0

[Event "AUTO-INT-1072"]
[Site "http://www.queenalice.com/game.php?id=478254"]
[Date "2008.10.16"]
[Round "1"]
[White "MusicMan"]
[Black "vivafloresta"]
[Result "0-1"]
[WhiteElo "1586"]
[BlackElo "1285"]

1. Nf3 b6 2. g3 Bb7 3. Bg2 Nf6 4. O-O Na6 5. c3 e6 6. d3 Bxf3 7. Bxf3 Bd6 8.
Bxa8 Qxa8 9. e4 Nc5 10. Qe2 Be7 11. Nd2 O-O 12. b4 Na4 13. c4 c5 14. a3 cxb4 15.
axb4 Nc3 16. Qf3 Bxb4 17. Ba3 Bxa3 18. Rxa3 Ncd5 19. cxd5 exd5 20. Rfa1 dxe4 21.
dxe4 d5 22. e5 Ne4 23. Nf1 a5 24. Kg2 Ng5 25. Qb3 d4+ 26. f3 Rd8 27. Qxb6 d3 28.
Nd2 Qc8 29. Rxa5 Qh3+ 30. Kh1 Re8 31. Ra8 g6 32. Rxe8+ Kg7 33. f4 Qd7 34. Qf6+
Kh6 35. Raa8 Qb7+ 36. Kg1 Nh3+ 0-1